RTK Kanji Quiz 1-100 - Statistics

General Stats
  • This quiz has been taken 3 times
  • The average score is 54 of 100
Answer Stats
Hint Answer % Correct
Five
100%
Four
100%
One
100%
Three
100%
Two
100%
Above
67%
Beginning
67%
Below
67%
Bright
67%
Chant
67%
Companion
67%
Concave
67%
Convex
67%
Day
67%
Dr.
67%
Early
67%
Eight
67%
Elbow
67%
Eminent
67%
Employee
67%
Eye
67%
Fortune-Telling
67%
Generation
67%
Goods
67%
Hundred
67%
I
67%
In
67%
Measurement
67%
Month
67%
Morning
67%
Mouth
67%
Newborn Babe
67%
Nine
67%
Old
67%
Olden Times
67%
Oneself
67%
Only
67%
Post A Bill
67%
Prosperous
67%
Rice Field
67%
Rise Up
67%
Rising Sun
67%
Risk
67%
Round
67%
See
67%
Seven
67%
Shellfish
67%
Six
67%
Sparkle
67%
Specialty
67%
Spine
67%
Stomach
67%
Ten
67%
Ten Thousand
67%
Thousand
67%
Tongue
67%
Upright
67%
White
67%
Blade
33%
Bribe
33%
Bull's Eye
33%
Can
33%
Cavity
33%
Child
33%
Craft
33%
Cut
33%
Decameron
33%
Defeat
33%
Derision
33%
Fish Guts
33%
Gall Bladder
33%
Ladle
33%
Left
33%
Measuring Box
33%
Mediocre
33%
Neck
33%
Nightbreak
33%
Page
33%
Paragraph
33%
Phrase
33%
Place On The Head
33%
Pop Song
33%
Possess
33%
Right
33%
Riot
33%
Rule
33%
Seduce
33%
Separate
33%
Shining
33%
Span
33%
Straightaway
33%
Street
33%
Stubborn
33%
Sword
33%
Texture
33%
Tool
33%
Town
33%
Tribute
33%
True
33%
Vice-
33%
No matching quizzes found
Score Distribution
Percent of People with Each Score
Percentile by Number Answered
Your Score History
You have not taken this quiz